000 00716cab a2200253 4500
001 ABS53328
008 090401t1995 xxu||||| |||| 00| 0 eng d
035 _a(Sirsi) u3580
041 _aeng
245 _aAlternative land use
260 _c1995
300 _a(LOAN)
350 _a0
490 _aFarm Development Review
_v9(9) July 1995, 1-8
520 _aCovers diversification opportunites, including car boot sales, short rotation coppice and value-added accommodation.
650 _aALTERNATIVE LAND USE
650 _aCOPPICING
650 _aFARM DIVERSIFICATION
650 _aNON-FOOD CROPS
650 _aSHORT ROTATION COPPICE
690 _aRURAL PRACTICE
942 _n0
948 _c04/03/1997
999 _c2202
_d2202